LEADER 01010nam a2200265 i 4500 001 000000156962 003 CaOOAMICUS 005 20251203144119.0 008 061219s1962 it u000 u ita u 013 $a134317 040 $aSeMil$bita 100 1 $aTecchi, Bonaventura,$d<1896-1968>.$0(OLS)http://semarc/name/21134 245 13$aLe fiabe di E. T. A. Hoffmann /$cdi Bonaventura Tecchi. 264 1$aFirenze :$bSansoni,$c1962. 300 $a228 p. ;$c22 cm. 490 1 $aLa civiltà europea 650 4$aHoffmann, Ernst Theodor Amadeus.$0(OLS)http://semarc/subject/30718 830 3$aLa civiltà europea.$0(OLS)http://semarc/title/15246 850 $aSeMil 852 $aSeMil$W1$xVenegono$y1$m1U IV 12$j108695$B108695$CSeMilBibl$Z2$F118262 $81 941 1 $a1 961 $aOmaggio: Ciprandi dott. Paolo 996 $6245$aLe fiabe di E. T. A. Hoffmann$9(OLS)http://semarc/title/230167 996 $6264$aFirenze :$bSansoni$9(OLS)http://semarc/publisher/29843 LEADER 00953nam a2200241 i 4500 001 000000227939 003 CaOOAMICUS 005 20140311000000.0 008 140311s1981 it u000 u ita u 013 $a206841 040 $aSeMil$bita 100 1 $aBellezza, Dario <1944->.$0(OLS)http://semarc/name/18929 245 10$aMorte di Pasolini /$cDario Bellezza. 260 $a[Milano] :$bArnoldo Mondadori Editore,$c1981. 300 $a163 p. ;$c21 cm. 490 0 $aScrittori italiani e stranieri 600 14$aPasolini, Pier Paolo <1922-1975>.$0(OLS)http://semarc/subject/10861 830 0$aScrittori italiani e stranieri.$0(OLS)http://semarc/title/2727 850 $aSeMil 852 $aSeMil$W1$xVenegono$y1$m1A II 59$j178285$B178285$CSeMilBibl$Z2$F189294 $81 961 $aOmaggio: Altro 996 $6245$aMorte di Pasolini$9(OLS)http://semarc/title/326230 996 $6260$a[Milano] :$bArnoldo Mondadori Editore$9(OLS)http://semarc/publisher/29634